| 000 | 01215cab a2200217 4500 | ||
|---|---|---|---|
| 001 | ABS68770 | ||
| 008 | 050215n2005 000 0 eng u | ||
| 035 | _a(Sirsi) u128810 | ||
| 100 | _aHilliard, J. | ||
| 245 | _aDisputes over the registration of town and village greens: who decides? | ||
| 260 | _c2005 | ||
| 490 |
_aJournal of Planning and Environment Law _vFebruary 2005, 159-169(11) |
||
| 520 | _aThe recent CA case "R v Commons Commissioners ex p Whitmey" ([2004] EWCA Civ 951, Abs68470) answered the question who has the authority to determine whether a town or village green should be registered? CA decided that the registration authority has the authority and is neither obliged nor even permitted to refer the issue to the Commons Commissioners. The article explains how this conclusion was reached and considers other points emerging from this judgment. Outlines the statutory framework for registration of town and village greens before analysing the Whitmey case in detail. | ||
| 590 | _aABS | ||
| 650 | _aTOWN GREENS | ||
| 650 | _aVILLAGE GREENS | ||
| 650 | _aCOMMONS REGISTRATION ACT 1965 S22(1) | ||
| 650 | _aR V COMMONS COMMISSIONERS EX P WHITMEY | ||
| 690 | _aPROPERTY | ||
| 942 | _n0 | ||
| 999 |
_c74803 _d74803 |
||